[Event "Pamporovo"]
[Site "Pamporovo"]
[Date "1982.??.??"]
[Round "2"]
[White "Lukov, Valentin"]
[Black "Szekely, Peter"]
[Result "1/2-1/2"]
[WhiteElo "2405"]
[BlackElo "2430"]

1.e4 c5 2.Nf3 d6 3.d4 cxd4 4.Nxd4 Nf6 5.Nc3 a6 6.Be3 e5 7.Nb3 Be7 8.f3 Be6
9.Qd2 Nbd7 10.g4 h6 11.h4 Nb6 12.O-O-O Qc7 13.Rh2 O-O-O 14.g5 hxg5 15.hxg5 Nfd7
16.Qg2 Kb8 17.g6 Rxh2 18.Qxh2 fxg6 19.Qh7 g5 20.Qg6 Bf6 21.Nd5 Bxd5 22.exd5 Rc8
23.c3 Nc4 24.Bxc4 Qxc4 25.Bxg5  1/2-1/2

[Event "Pamporovo"]
[Site "Pamporovo"]
[Date "1982.??.??"]
[Round "11"]
[White "Lukov, Valentin"]
[Black "Martinovic, Slobodan"]
[Result "1-0"]
[WhiteElo "2405"]
[BlackElo "2460"]

1.e4 c5 2.Nf3 d6 3.d4 cxd4 4.Nxd4 Nf6 5.Nc3 a6 6.Be3 e6 7.f4 Qc7 8.g4 Nc6
9.g5 Nd7 10.Qe2 Nc5 11.O-O-O Bd7 12.Bg2 O-O-O 13.Nb3 Kb8 14.Qf2 Be7 15.e5 Nxb3+
16.axb3 dxe5 17.Bb6 Qc8 18.Bxd8 Rxd8 19.h4 Qc7 20.fxe5 Nxe5 21.Rhe1 Be8 22.Rxd8+ Bxd8
23.Kb1 Be7 24.Qd4 f6 25.gxf6 gxf6 26.Qf4 Bg6 27.Re2 Qb6 28.Ne4 Qd4 29.Rd2 Qg1+
30.Ka2 Qe1 31.h5 Bxe4 32.Qxe4 Qxe4 33.Bxe4 f5 34.Bh1 h6 35.Re2 Bf6 36.b4 b6
37.Kb3 Kc7 38.c4 Kd6 39.Rd2+ Kc7 40.c5 Be7 41.Re2 Bf6 42.cxb6+ Kxb6 43.Ka4 Ka7
44.Re1 Kb6 45.Bg2 Ka7 46.Bf1 Kb6 47.Bc4 f4 48.Re4 f3 49.Bxe6 Kc6 50.Rf4 Bg5
51.Rf5 Kd6 52.Bc8 Be3 53.Rf6+ Kc7 54.Bxa6 f2 55.Be2 Nc6 56.Rf3 Bd4 57.Rf4 Be3
58.Rf6 Nd4 59.Bd3 Nc6 60.Kb5 Nd4+ 61.Kc4 Nc6 62.Be2  1-0

[Event "Rome-B"]
[Site "Rome"]
[Date "1982.??.??"]
[Round "?"]
[White "Rigo, Janos"]
[Black "Bouaziz, Slim"]
[Result "1/2-1/2"]
[WhiteElo "2320"]
[BlackElo "2355"]

1.e4 c5 2.Nf3 d6 3.d4 cxd4 4.Nxd4 Nf6 5.Nc3 a6 6.Be3 e5 7.Nb3 Be6 8.Nd5 Nbd7
9.Qd3 Rc8 10.Be2 Bxd5 11.exd5 Be7 12.c4 O-O 13.O-O Ne8 14.f4 exf4 15.Bxf4 Bf6
16.Qd2 Ne5 17.Rac1 Ng6 18.Be3 Be5 19.Bg4 Rb8 20.g3 Nf6 21.Bf3 Re8 22.Rfe1 Qd7
23.Kg2 Qa4 24.Nd4 Bxd4 25.Bxd4 Rxe1 26.b3 Rxc1 27.bxa4 Rxc4 28.Qb2 Re8 29.a5 Re7
30.h4 Ne5 31.Bxe5 dxe5 32.d6 Rd7 33.Bxb7 Rxd6 34.Bxa6 Rcd4 35.Qb8+ Rd8 36.Qc7 h5
37.Be2 Rd2 38.Kf1 R8d7 39.Qxe5 R2d5 40.Qb8+ Rd8 41.Qc7 Rf5+ 42.Kg1 Re8 43.a6 Rfe5
44.Bf3 Re3 45.Qb7 Ra3 46.a7 Rxa2 47.Qb8 g6 48.Bc6 Rf8 49.Kf1 Kg7 50.Ke1 Ng4
51.Kd1 Ne3+ 52.Kc1 Rc2+ 53.Kb1 Rxb8+ 54.axb8=Q Rxc6 55.Qe5+ Rf6 56.Qxe3 Rf5
57.Kc2 Kh7 58.Qd4 Kg8 59.Kd2 Kh7 60.Ke3 Kg8 61.Ke4 Kh7 62.Qc3 Kg8 63.Qc8+ Kg7
64.Qd7 Kf6 65.Qd4+ Ke6 66.Qd8 Re5+ 67.Kd4 Rf5 68.Kc4 Re5 69.Qe8+ Kf6 70.Qh8+ Ke6
71.Kd4 Rd5+ 72.Ke4 Rf5 73.Qc8+ Kf6 74.Qc3+ Ke7 75.Qg7 Rb5 76.Qh8 Rf5 77.Kd4 Ra5
78.Qc8 Rf5 79.Qb8 Kf6 80.Qf8 Rb5 81.Kc3 Rd5 82.Kb4 Rf5 83.Kc4 Ke6 84.Qd8 Re5
85.Qc8+ Kf6 86.Kd4 Rf5 87.Qh8+ Ke7 88.Ke4 Rc5 89.Qb8  1/2-1/2

[Event "Smederevska Palanka"]
[Site "Smederevska Palanka"]
[Date "1982.??.??"]
[Round "8"]
[White "Sax, Gyula"]
[Black "Barlov, Dragan"]
[Result "1-0"]
[WhiteElo "2550"]
[BlackElo "2405"]

1.e4 c5 2.Nf3 d6 3.d4 cxd4 4.Nxd4 Nf6 5.Nc3 a6 6.Be3 e6 7.g4 h5 8.gxh5 d5
9.exd5 Nxd5 10.Nxd5 Qxd5 11.Rg1 e5 12.Bg2 Qa5+ 13.Bd2 Qb6 14.Nb3 Nc6 15.Bd5 Bd7
16.Qf3 O-O-O 17.O-O-O f6 18.Kb1 Qc7 19.h6 gxh6 20.Qxf6 Be7 21.Qg7 Bd6 22.Be4 h5
23.f3 Be6 24.Qxc7+ Bxc7 25.Be3 Rxd1+ 26.Rxd1 Rf8 27.c3 Bf5 28.Nd2 Be6 29.Rg1 Ne7
30.Bc5 Rg8 31.Kc2 b6 32.Rxg8+ Nxg8 33.Bf2 Bf7 34.b3 Nf6 35.Bd3 Kb7 36.Ne4 Nxe4
37.Bxe4+ Kc8 38.c4 Kd7 39.Kc3 Bd8 40.Kd3 Bc7 41.Bf5+ Kc6 42.Ke4 b5 43.Kd3 bxc4+
44.bxc4 Bd6 45.Be4+ Kc7 46.Bd5 Bg6+ 47.Kc3 Be8 48.c5 Be7 49.Kb4 h4 50.Be3 Bd7
51.f4 Bf6 52.Bd2 Bc6 53.Bxc6 Kxc6 54.Bc3 Be7 55.Bxe5 Bxc5+ 56.Kc4 h3 57.f5 Bf2
58.a4 Bb6 59.f6  1-0

[Event "BUL-ch (Women)"]
[Site "Sofia"]
[Date "1982.??.??"]
[Round "6"]
[White "Isusova, Nevena"]
[Black "Savova, Stefka"]
[Result "1/2-1/2"]
[WhiteElo "2020"]
[BlackElo "2010"]

1.e4 c5 2.Nf3 d6 3.d4 cxd4 4.Nxd4 Nf6 5.Nc3 a6 6.Be3 e5 7.Nb3 Be7 8.f3 Qc7
9.Qd2 Be6 10.g4 h6 11.h4 b6 12.O-O-O Nbd7 13.Kb1 b5 14.Rh2 Nb6 15.g5 hxg5
16.hxg5 Rxh2 17.Qxh2 Nfd7 18.Bh3 Bxh3 19.Qxh3 Rc8 20.Bxb6 Nxb6 21.Qh8+ Bf8
22.Qh2 g6 23.Nd5 Nxd5 24.Rxd5 Qb6 25.Rd3 Rc4 26.Nd2 Rd4 27.Qf2 Qc5 28.Rxd4 exd4
29.Nb3 Qxg5 30.Qxd4 Qg2 31.Qd1 Bg7 32.Na5 Qf2 33.a3 Qb6 34.Nb3 a5 35.Qd5 Ke7
36.c3 a4 37.Nd4 Bxd4 38.Qxd4 Qc6 39.Kc2 Qc5 40.Kd3 Ke6 41.Qxc5 dxc5  1/2-1/2

[Event "BUL-ch"]
[Site "Sofia"]
[Date "1982.??.??"]
[Round "11"]
[White "Donchev, Dimitar I"]
[Black "Spassov, Liuben"]
[Result "1/2-1/2"]
[WhiteElo "2430"]
[BlackElo "2450"]

1.e4 c5 2.Nf3 d6 3.d4 cxd4 4.Nxd4 Nf6 5.Nc3 a6 6.Be3 e5 7.Nb3 Be6 8.Qd2 Be7
9.f3 O-O 10.Be2 a5 11.Na4 Nbd7 12.c4 b6 13.O-O Rc8 14.Rac1 Ne8 15.Rfd1 g6
16.Bf1 Kh8 17.Qf2 Rc6 18.Kh1 f5 19.exf5 gxf5 20.Qe1 Bh4 21.Qe2 Bf6 22.Bh6 Ng7
23.f4 Qe7 24.Qf3 Rfc8 25.Nc3 Bxc4 26.Bxc4 Rxc4 27.Nd5 Qe6 28.Rxc4 Rxc4 29.Nxf6 Nxf6
30.fxe5 Qxe5 31.Qb7 Ng8 32.Bxg7+ Qxg7 33.Qxg7+ Kxg7 34.Rxd6 a4 35.Rd4 Rc2
36.Rxa4 Rxb2 37.h3 Nf6  1/2-1/2

[Event "BUL-ch"]
[Site "Sofia"]
[Date "1982.??.??"]
[Round "12"]
[White "Donchev, Dimitar I"]
[Black "Lukov, Valentin"]
[Result "0-1"]
[WhiteElo "2430"]
[BlackElo "2405"]

1.e4 c5 2.Nf3 d6 3.d4 cxd4 4.Nxd4 Nf6 5.Nc3 a6 6.Be3 e6 7.f4 b5 8.Qf3 Bb7
9.Bd3 Nbd7 10.a3 Rc8 11.O-O Be7 12.Rae1 O-O 13.g4 Rxc3 14.bxc3 Nc5 15.Bc1 Qa8
16.Qh3 Nfxe4 17.f5 e5 18.Nb3 Nxd3 19.cxd3 Ng5 20.Bxg5 Bxg5 21.Rf2 Qc8 22.Rc2 Qc6
23.Kf1 Ba8 24.Nd2 Bxd2 25.Rxd2 Qxc3 26.Qe3 f6 27.d4 Qc4+ 28.Qd3 Qd5 29.dxe5 Qh1+
30.Ke2 Qg2+ 31.Kd1 Qxg4+ 32.Kc1 dxe5 33.Kb2 h5 34.Re3 h4 35.Qb3+ Kh7 36.Qb4 Qxb4+
37.axb4 Rc8 38.Rc3 Rxc3 39.Kxc3 Be4 40.Rd6 Bxf5 41.Rxa6 Bh3 42.Kd3 Bf1+ 43.Ke3 Kg6
44.Ra1 Bc4 45.Ke4 Kh5 46.Ra7 g6 47.Ra6 Kg5 48.Rb6 Bf1 49.Rb8 Kg4 50.Rb6 f5+
51.Kxe5 g5 52.Rg6 f4 53.Kd4 Bg2 54.Kd3 Kh3 55.Ke2 g4 56.Kf2 g3+ 57.hxg3 hxg3+
58.Kg1 Be4 59.Re6  0-1

[Event "Vrnjacka Banja"]
[Site "Vrnjacka Banja"]
[Date "1982.??.??"]
[Round "8"]
[White "Tosic, Miroslav"]
[Black "Lazic, Dragoljub"]
[Result "0-1"]
[WhiteElo "2285"]
[BlackElo "2285"]

1.e4 c5 2.Nf3 d6 3.d4 cxd4 4.Nxd4 Nf6 5.Nc3 a6 6.Be3 Nbd7 7.Qd2 e6 8.f3 Qc7
9.g4 Ne5 10.g5 Nfd7 11.f4 Nc4 12.Bxc4 Qxc4 13.f5 Ne5 14.O-O-O Bd7 15.Bf4 O-O-O
16.Kb1 Qc7 17.h4 b5 18.Bg3 Nc4 19.Qd3 b4 20.Nce2 e5 21.Nb3 Bb5 22.Qf3 Kb8
23.c3 Rc8 24.cxb4 Na3+ 25.Ka1 Nc2+ 26.Kb1 Qc4 27.Nc3 Nxb4 28.Nxb5 Qxb5 29.Be1 Rc4
30.Bxb4 Qxb4 31.Rc1 Be7 32.Rxc4 Qxc4 33.Rc1 Qb4 34.Qd3 Rd8 35.Qd5 Rc8 36.Rxc8+ Kxc8
37.a3 Qb7 38.Qxf7 Qxe4+ 39.Ka2 Bd8 40.Qe6+ Kc7 41.f6 gxf6 42.gxf6 Qg6 43.Qc4+ Kd7
44.Qa4+ Ke6 45.Qxa6 Qxf6 46.Nc5+ Kf7 47.Qc4+ Ke7 48.Nb7 Bb6 49.Qc6 Qe6+ 50.b3 d5
51.Qb5 e4 52.Nc5 Qd6 53.Na4 Bd4 54.Qb7+ Kf6 55.Nb2 Kg6 56.h5+ Kh6 57.b4 Bf6
58.Qc8 Qe5 59.Qc2 d4 60.Nc4 Qd5 61.Kb3 Bg5 62.Qh2 d3 63.Qe5 Qxe5 64.Nxe5 Bf4
65.Ng4+ Kg5 66.Nf2 Kf5 67.Kc3 d2 68.Nd1 Kg4 69.a4 Kf3 70.a5 Ke2 71.Kc2 Bc7
72.Nc3+ Ke1 73.Nd1 Bd8 74.h6 Bc7 75.Ne3 Ke2 76.Nd1 e3 77.Nb2 Be5 78.Nd1 Bd4
79.a6 Ke1 80.a7 Bxa7 81.Nb2 Ke2  0-1

[Event "Yerevan zt"]
[Site "Yerevan"]
[Date "1982.??.??"]
[Round "1"]
[White "Tseshkovsky, Vitaly"]
[Black "Giorgadze, Tamaz"]
[Result "1/2-1/2"]
[WhiteElo "2595"]
[BlackElo "2500"]

1.e4 c5 2.Nf3 d6 3.d4 cxd4 4.Nxd4 Nf6 5.Nc3 a6 6.Be3 e5 7.Nb3 Be6 8.Qd2 Nbd7
9.f3 b5 10.a4 b4 11.Nd5 Bxd5 12.exd5 Nb6 13.Bxb6 Qxb6 14.a5 Qb7 15.Bc4 Be7
16.Ra4 Rb8 17.Nc1 Bd8 18.Na2 Nd7 19.Kd1 Qc8 20.b3 Nc5 21.Rxb4 Ra8 22.f4 e4
23.Be2 Bxa5 24.Qd4 O-O 25.Rc4 Bc7 26.f5 Re8 27.Nc3 a5 28.f6 Re5 29.Rf1 Bb6
30.Qe3 Qf8 31.fxg7 Qxg7 32.Qg3 Qxg3 33.hxg3 Kg7 34.Rf4 Rae8 35.g4 Kg6 36.g3 Bd8
37.Ke1 Bg5 38.Rf1 R8e7 39.Kf2 Bd2 40.Nb5 Rxd5 41.Nxd6 Rxd6  1/2-1/2

[Event "Albena"]
[Site "Albena"]
[Date "1983.??.??"]
[Round "?"]
[White "Gipslis, Aivars"]
[Black "Spassov, Liuben"]
[Result "1/2-1/2"]
[WhiteElo "2475"]
[BlackElo "2475"]

1.e4 c5 2.Nf3 d6 3.d4 cxd4 4.Nxd4 Nf6 5.Nc3 a6 6.Be3 e5 7.Nb3 Be6 8.Nd5 Nbd7
9.f3 Bxd5 10.exd5 Be7 11.Be2 O-O 12.Qd2 a5 13.a4 Nb6 14.c4 Nbd7 15.O-O  1/2-1/2

[Event "Baku"]
[Site "Baku"]
[Date "1983.??.??"]
[Round "?"]
[White "Malaniuk, Vladimir P"]
[Black "Rashkovsky, Nukhim N"]
[Result "1/2-1/2"]
[WhiteElo "2485"]
[BlackElo "2495"]

1.e4 c5 2.Nf3 d6 3.d4 cxd4 4.Nxd4 Nf6 5.Nc3 a6 6.Be3 e5 7.Nb3 Be6 8.Qd2 Nbd7
9.f3 Be7 10.O-O-O b5 11.g4 Nb6 12.Qf2 Nfd7 13.Kb1  1/2-1/2

[Event "Bor"]
[Site "Bor"]
[Date "1983.??.??"]
[Round "4"]
[White "Inkiov, Ventzislav"]
[Black "Tukmakov, Vladimir B"]
[Result "1-0"]
[WhiteElo "2500"]
[BlackElo "2590"]

1.e4 c5 2.Nf3 d6 3.d4 cxd4 4.Nxd4 Nf6 5.Nc3 a6 6.Be3 e6 7.g3 b5 8.Bg2 Bb7
9.O-O Nbd7 10.Re1 Nb6 11.e5 Nfd5 12.Nxd5 Nxd5 13.exd6 Bxd6 14.Qg4 Qd7 15.Bg5 h5
16.Qh4 Ne7 17.Bxb7 Qxb7 18.Nxe6 fxe6 19.Rxe6 O-O 20.Bxe7 Bxe7 21.Rxe7 Qb6
22.Rf1 Rf5 23.Qe4 Raf8 24.Qe6+ Qxe6 25.Rxe6 a5 26.f4 Rc8 27.Rf2 b4 28.Rfe2 Rfc5
29.Re8+ Rxe8 30.Rxe8+ Kf7 31.Re2 Kf6 32.Kf2 g5 33.fxg5+ Kxg5  1-0

[Event "Hannover"]
[Site "Hannover"]
[Date "1983.??.??"]
[Round "2"]
[White "Hartmann, W."]
[Black "Ostermeyer, Peter"]
[Result "1/2-1/2"]
[WhiteElo "2290"]
[BlackElo "2450"]

1.e4 c5 2.Nf3 d6 3.d4 cxd4 4.Nxd4 Nf6 5.Nc3 a6 6.Be3 e5 7.Nb3 Be6 8.f3 Nbd7
9.Qd2 b5 10.a4 b4 11.Nd5 Bxd5 12.exd5 Nb6 13.Bxb6 Qxb6 14.g4 Be7 15.O-O-O O-O
16.h4 Nd7 17.Kb1 Nc5 18.Nxc5 Qxc5 19.f4 f5 20.gxf5 Rxf5 21.fxe5 Rxe5 22.Bh3 Rf8
23.Be6+ Kh8 24.Rdf1 Rf6 25.Qd3 Qb6 26.Qc4 a5 27.h5 Qd8  1/2-1/2

[Event "Hannover"]
[Site "Hannover"]
[Date "1983.??.??"]
[Round "4"]
[White "Hartmann, W."]
[Black "Giorgadze, Tamaz"]
[Result "0-1"]
[WhiteElo "2290"]
[BlackElo "2495"]

1.e4 c5 2.Nf3 d6 3.d4 cxd4 4.Nxd4 Nf6 5.Nc3 a6 6.Be3 e5 7.Nb3 Be6 8.f3 Nbd7
9.Qd2 b5 10.a4 b4 11.Nd5 Bxd5 12.exd5 Nb6 13.Bxb6 Qxb6 14.g4 g6 15.h4 Bg7
16.h5 O-O 17.h6 Bh8 18.O-O-O e4 19.a5 Qc7 20.g5 Nd7 21.fxe4 Nc5 22.Nxc5 Qxc5
23.Rh3 Qxa5 24.Kb1 Qc7 25.Rf3 Qe7 26.Qf4 a5 27.Bb5 a4 28.Bc6 Ra7 29.e5 a3
30.bxa3 bxa3 31.Ka2 Bxe5 32.Qc1 Qd8 33.Rdd3 Qb6 34.Rxa3 Re7 35.Rfb3 Qf2 36.Ra4 Bd4
37.Rb1 Bc3 38.Rf4 Qg2 39.Rf1 Ra7+ 40.Kb3 Bd2  0-1

[Event "Hannover"]
[Site "Hannover"]
[Date "1983.??.??"]
[Round "7"]
[White "Hartmann, W."]
[Black "Kavalek, Lubomir"]
[Result "1/2-1/2"]
[WhiteElo "2290"]
[BlackElo "2560"]

1.e4 c5 2.Nf3 d6 3.d4 cxd4 4.Nxd4 Nf6 5.Nc3 a6 6.Be3 e5 7.Nf3 Qc7 8.a4 h6
9.a5 Be6 10.Be2 Nbd7 11.O-O Qc6 12.Qd3 Rc8 13.Rfd1 Nc5 14.Bxc5 Qxc5 15.Nd2 Be7
16.Ra4 Bd7 17.Ra3 Be6 18.Nf1 Bd8 19.Rda1 O-O 20.Ne3 Re8 21.Ra4 Be7 22.h3 Red8
23.Rd1 Kf8 24.Kh2 Bd7 25.Ra2 Be6 26.Ra4 Bd7  1/2-1/2

[Event "Jurmala"]
[Site "Jurmala"]
[Date "1983.??.??"]
[Round "12"]
[White "Gipslis, Aivars"]
[Black "Petrosian, Arshak B"]
[Result "1/2-1/2"]
[WhiteElo "2475"]
[BlackElo "2480"]

1.e4 c5 2.Nf3 d6 3.d4 cxd4 4.Nxd4 Nf6 5.Nc3 a6 6.Be3 e5 7.Nb3 Be6 8.Qd2 Nbd7
9.f3 Rc8 10.O-O-O Nb6 11.g4 Be7 12.h4 Nc4 13.Bxc4 Rxc4 14.h5 b5 15.Kb1 b4
16.Na4 Nd7 17.Nc1 Qc7 18.Rh2 a5 19.Ne2 O-O 20.Ng3 Rc6 21.Nf5 Nc5 22.Nxc5  1/2-1/2

[Event "Toth mem"]
[Site "Kecskemet"]
[Date "1983.??.??"]
[Round "?"]
[White "Hazai, Laszlo"]
[Black "Karolyi, Tibor Jr"]
[Result "1-0"]
[WhiteElo "2475"]
[BlackElo "2425"]

1.e4 c5 2.Nf3 d6 3.d4 cxd4 4.Nxd4 Nf6 5.Nc3 a6 6.Be3 Qc7 7.Qd2 e6 8.O-O-O b5
9.f3 Nc6 10.Bxb5 axb5 11.Ndxb5 Qb8 12.Nxd6+ Bxd6 13.Qxd6 Qxd6 14.Rxd6 Bb7
15.Rhd1 O-O 16.b3 Rfc8 17.Kb2 Kf8 18.R6d2 Na5 19.Rd4 Nc6 20.R4d2 Na5 21.Bb6 Bc6
22.a4 Ke8 23.Nb5 Bxb5 24.axb5 Rcb8 25.Rd6 Nb7 26.Rc6 Na5 27.Rcd6 Nb7 28.Rc6 Na5
29.Bxa5 Rxa5 30.c4 Rba8 31.b6 Rb8 32.c5 Nd7 33.b4 Raa8 34.Rcd6 Ne5 35.Kb3 g5
36.h4 gxh4 37.b5 Ke7 38.f4 Ng6 39.Rd7+ Kf6 40.b7 Ra7 41.e5+ Kg7 42.c6 Nxf4
43.Kc4 Nxg2 44.Kc5 Ne3 45.Rg1+ Kh6  1-0

[Event "Nordic-tt"]
[Site "Oslo"]
[Date "1983.??.??"]
[Round "?"]
[White "Sigurjonsson, Gudmundur"]
[Black "Ostermeyer, Peter"]
[Result "1/2-1/2"]
[WhiteElo "2460"]
[BlackElo "2450"]

1.e4 c5 2.Nf3 d6 3.d4 Nf6 4.Nc3 cxd4 5.Nxd4 a6 6.Be3 e5 7.Nf3 Qc7 8.a4 b6
9.Bg5 Nbd7 10.Nd2 Be7 11.Bc4 Bb7 12.Qe2 O-O 13.O-O h6 14.Bxf6 Nxf6 15.Rfd1 Rfc8
16.Bb3 Bc6 17.Nc4 Nxe4 18.Nxe4 d5 19.a5 dxc4 20.Qxc4 Bxe4 21.Qxe4 Bc5 22.Rd3 Rf8
23.Rad1 Rad8 24.Qf5 Rd4 25.Rxd4 exd4 26.axb6 Qxb6 27.Rd3 Be7 28.Rf3 Bf6 29.g3 Qb5
30.Qxb5  1/2-1/2

[Event "BUL-ch"]
[Site "Pernik"]
[Date "1983.??.??"]
[Round "2"]
[White "Lukov, Valentin"]
[Black "Georgiev, Kiril"]
[Result "1-0"]
[WhiteElo "2465"]
[BlackElo "2420"]

1.e4 c5 2.Nf3 d6 3.d4 cxd4 4.Nxd4 Nf6 5.Nc3 a6 6.Be3 e6 7.f4 b5 8.Qf3 Bb7
9.Bd3 g6 10.g4 Bg7 11.O-O-O b4 12.Nce2 Qc7 13.Ng3 Nc6 14.Nxc6 Bxc6 15.Bd4 O-O
16.g5 Nd7 17.Bxg7 Kxg7 18.Qe3 Qb6 19.Qe2 Bb5 20.Qd2 Rfc8 21.Kb1 Nc5 22.Bf1 Bxf1
23.Rhxf1 Rc6 24.f5 Na4 25.Qd4+ Qxd4 26.Rxd4 a5 27.fxe6 fxe6 28.e5 d5 29.Ne4 Nc5
30.Nf6 Rc7 31.Rh4 Kh8 32.Rf3 Raa7 33.a3 Rab7 34.axb4 axb4 35.Ne8 Rf7 36.Rxf7 Rxf7
37.Rxb4 Ne4 38.h4 Rf4 39.Ka2 Rxh4 40.Nf6 Kg7 41.Rb7+ Kh8 42.b4 Rh3 43.b5 Nc3+
44.Kb2 d4 45.b6 Rh1 46.Kb3 Nd5 47.Nxd5 exd5 48.e6  1-0

[Event "EU-chT Plovdiv"]
[Site "Plovdiv"]
[Date "1983.??.??"]
[Round "7"]
[White "Lobron, Eric"]
[Black "Tringov, Georgi P"]
[Result "1-0"]
[WhiteElo "2515"]
[BlackElo "2455"]

1.e4 c5 2.Nf3 d6 3.d4 cxd4 4.Nxd4 Nf6 5.Nc3 a6 6.Be3 e6 7.f4 b5 8.Qf3 Bb7
9.Bd3 Nbd7 10.g4 Nc5 11.g5 Nfd7 12.a3 Rc8 13.h4 d5 14.e5 b4 15.axb4 Nxd3+
16.cxd3 Bxb4 17.Ke2 O-O 18.h5 Bc5 19.g6 Qb6 20.h6 fxg6 21.hxg7 Rf5 22.Na4 Qb4
23.Qh3 h5 24.Nxf5 exf5 25.Bd2 Qb5 26.Rhc1 d4 27.Nxc5 Rxc5 28.Ra5 Qb6 29.Raxc5 Nxc5
30.Qh4 Nxd3 31.Qe7 Nxc1+ 32.Bxc1 Bf3+ 33.Kf2 d3+ 34.Kxf3 Qc6+ 35.Kg3 h4+
36.Qxh4  1-0

[Event "Tatran Cup"]
[Site "Stary Smokovec"]
[Date "1983.??.??"]
[Round "4"]
[White "Lanc, Alois"]
[Black "Ftacnik, Lubomir"]
[Result "1/2-1/2"]
[WhiteElo "2410"]
[BlackElo "2535"]

1.e4 c5 2.Nf3 d6 3.d4 Nf6 4.Nc3 cxd4 5.Nxd4 a6 6.Be3 e5 7.Nb3 Be6 8.Qd2 Nbd7
9.f3 b5 10.a4 b4 11.Nd5 Bxd5 12.exd5 Nb6 13.Bxb6 Qxb6 14.a5 Qb7 15.Bc4 Be7
16.Ra4 Rb8 17.Nc1 Bd8 18.Na2 Nd7 19.Kd1 Bxa5 20.Rxa5 Qc7 21.Ra4 Qxc4 22.b3 Qc8
23.Nxb4 Rb5 24.Nc6 Qb7 25.Ke2 Nf6 26.Rb4 O-O 27.Ra1 Re8 28.c4 Rxb4 29.Qxb4 Qd7
30.Kf2 e4 31.Re1 h5 32.fxe4 Nxe4+ 33.Kg1 Qg4 34.Qb6 f5 35.Nd4 h4 36.h3 Qg3
37.Nf3 g5 38.Qe3 Kf7 39.Nd4 Kf6 40.Nc6 a5 41.Nxa5 Rb8 42.Qd4+ Kg6 43.Rxe4 fxe4  1/2-1/2

[Event "Belgrade"]
[Site "Belgrade"]
[Date "1984.??.??"]
[Round "?"]
[White "Govedarica, Radovan"]
[Black "Raicevic, Momcilo"]
[Result "0-1"]
[WhiteElo "2380"]
[BlackElo "2375"]

1.e4 c5 2.Nf3 d6 3.d4 cxd4 4.Nxd4 Nf6 5.Nc3 a6 6.Be3 e5 7.Nb3 Be6 8.Qd2 Nbd7
9.f3 b5 10.Nd5 Bxd5 11.exd5 Nb6 12.Bxb6 Qxb6 13.a4 b4 14.a5 Qb7 15.Bc4 Be7
16.Ra4 Rb8 17.Qd3 Qa7 18.Bxa6 O-O 19.Bb5 e4 20.Qd4 Qc7 21.Bc6 exf3 22.gxf3 Nd7
23.Kd1 Ne5 24.Rg1 g6 25.Rf1 Nxc6 26.dxc6 d5 27.Kc1 Qxc6 28.Ra1 Bf6 29.Qd3 Rfe8
30.Kb1 Bg7 31.Rd1 Qf6 32.Ra2 Qh4 33.a6 Qxh2 34.a7 Rbc8 35.Ra5 Qe5 36.Qd4 Qc7
37.Qc5 Qh2 38.a8=Q Rxa8 39.Rxa8 Rxa8 40.Qxb4 Qe2 41.Qd2 Qxf3 42.Nc5 Ra1+  0-1

[Event "Brighton zt"]
[Site "Brighton"]
[Date "1984.??.??"]
[Round "?"]
[White "Short, Nigel D"]
[Black "Mestel, A Jonathan"]
[Result "1/2-1/2"]
[WhiteElo "2510"]
[BlackElo "2545"]

1.e4 c5 2.Nf3 d6 3.d4 cxd4 4.Nxd4 Nf6 5.Nc3 a6 6.Be3 e6 7.f4 b5 8.Qf3 Bb7
9.Bd3 Nbd7 10.g4 b4 11.Nce2 Nc5 12.Ng3 Nfd7 13.O-O-O Qc7 14.Kb1 g6 15.f5 Bg7
16.fxe6 fxe6 17.Rhf1 Ne5 18.Qe2 Rf8 19.Nb3 Na4 20.Bd4 Rf7 21.h4 Rc8 22.g5 Kf8
23.h5 Rxf1 24.Rxf1+ Kg8 25.hxg6 hxg6 26.Qh2 Rf8 27.Rh1 Rf7 28.Ne2 Nc5 29.Nf4 Rxf4
30.Qxf4  1/2-1/2

[Event "Alfoldi mem (Women)"]
[Site "Budapest"]
[Date "1984.??.??"]
[Round "?"]
[White "Voiska, Margarita"]
[Black "Csonkics, Tunde"]
[Result "0-1"]
[WhiteElo "2115"]
[BlackElo "2085"]

1.e4 c5 2.Nf3 d6 3.d4 cxd4 4.Nxd4 Nf6 5.Nc3 a6 6.Be3 e6 7.Be2 Be7 8.O-O O-O
9.f4 e5 10.fxe5 dxe5 11.Nf5 Bxf5 12.Rxf5 Nc6 13.Bc4 Rc8 14.Qxd8 Bxd8 15.Bb3 Nd4
16.Bxd4 exd4 17.Ne2 Bb6 18.Kh1 Nxe4 19.Raf1 Rc7 20.R1f4 Nd2 21.Bd5 Re7 22.Ng3 g6
23.Rf6 Bd8 24.Kg1 Rd7 25.Rxd4 Bxf6 26.Rxd2 Bxb2 27.Ne4 Rfd8 28.c3 Kg7 29.c4 Bf6
30.g4 Re7 31.Re2 b5 32.Kf1 bxc4 33.Bxc4 Rd1+ 34.Kg2 Red7 35.Bxa6 R7d4 36.Bb5 h6
37.a4 Ra1 38.Kf3 Rb4 39.Rc2 Ra3+ 40.Kf4 Bg5+ 41.Ke5 Re3 42.Bc6 Bf6+ 43.Kf4 Bg5+
44.Ke5 f6+ 45.Kd6 Bf4+ 46.Kd7 Rexe4 47.Bxe4 Rxe4 48.Ra2 Be3 49.h3 f5 50.gxf5 gxf5
51.a5 Kf6 52.a6 f4 53.Kd6 Re7  0-1

[Event "Hamburg op"]
[Site "Hamburg"]
[Date "1984.??.??"]
[Round "2"]
[White "Ghinda, Mihail Viorel"]
[Black "Huenerkopf, Heinz"]
[Result "1-0"]
[WhiteElo "2465"]
[BlackElo "2255"]

1.e4 c5 2.Nf3 d6 3.d4 cxd4 4.Nxd4 Nf6 5.Nc3 a6 6.Be3 e5 7.Nb3 Be6 8.Nd5 Nbd7
9.f3 b5 10.a4 Bxd5 11.exd5 b4 12.a5 Qc7 13.Ra4 Nc5 14.Rxb4 Nxb3 15.Bb6 Qb7
16.Rxb3 Qxd5 17.Bd3 Nd7 18.c4 Qe6 19.Be4 Rb8 20.Ba7 Rxb3 21.Qxb3 Be7 22.Bd5 Qf5
23.O-O O-O 24.Qb7 h5 25.Bc6 Rd8 26.Bb6 Nxb6 27.Qxe7  1-0

[Event "Hamburg op"]
[Site "Hamburg"]
[Date "1984.??.??"]
[Round "4"]
[White "Lindberg, Bengt"]
[Black "Kuligowski, Adam"]
[Result "0-1"]
[WhiteElo "2320"]
[BlackElo "2415"]

1.e4 c5 2.Nf3 d6 3.d4 cxd4 4.Nxd4 Nf6 5.Nc3 a6 6.Be3 e6 7.g4 h6 8.h4 Nc6
9.Rg1 h5 10.gxh5 Rxh5 11.Bg5 Rh8 12.Qd2 Qb6 13.Nb3 Bd7 14.O-O-O O-O-O 15.Kb1 Kb8
16.a3 Rc8 17.Be3 Qc7 18.f3 Be8 19.Qf2 Nd7 20.Na4 g6 21.Nb6 Nxb6 22.Bxb6 Qe7
23.Rh1 f5 24.Na5 Qf6 25.Nxc6+ Bxc6 26.Bd3 Be7 27.Rdg1 Be8 28.Qe2 Rc6 29.Bf2 e5
30.Qe3 Bf7 31.Qa7+ Kc7 32.Be1 Rb8 33.Ba5+ Kc8 34.Rd1 d5 35.Qg1 d4 36.h5 gxh5
37.exf5 b6 38.Bb4 Bxb4 39.axb4 Bd5 40.Be4 Qf7 41.Bxd5 Qxd5 42.Rxh5 a5 43.Rh8+ Kb7
44.Rh7+ Ka6 45.Qg7 Rg8 46.Qb7+ Kb5 47.bxa5 d3 48.c4+ Qxc4 49.Rh2 Rd8 50.Rhd2 Rd4
51.b3 Qc2+ 52.Ka1 Qc3+ 53.Ka2 Qxa5+ 54.Kb1 Rc2  0-1

[Event "Hamburg op"]
[Site "Hamburg"]
[Date "1984.??.??"]
[Round "4"]
[White "Ghinda, Mihail Viorel"]
[Black "Spassov, Liuben"]
[Result "1/2-1/2"]
[WhiteElo "2465"]
[BlackElo "2460"]

1.e4 c5 2.Nf3 d6 3.d4 cxd4 4.Nxd4 Nf6 5.Nc3 a6 6.Be3 e5 7.Nb3 Be6 8.Qd2 Nbd7
9.f4 exf4 10.Bxf4 Qc7 11.Nd4 Be7 12.O-O-O Ne5 13.Nxe6 fxe6 14.g3 Kf7 15.Bh3 Rhe8
16.Rhf1 Nc4 17.Qd3 Qc5 18.Kb1 Rac8 19.Bc1 Ne5 20.Qe2 Bf8 21.Be3 Qa5 22.Bf4 Nc4
23.e5 Qb4 24.Bc1 dxe5 25.Rd7+ Kg8 26.Rxf6 gxf6 27.Bxe6+ Rxe6 28.Qg4+ Kh8
29.Qxe6  1/2-1/2

[Event "Jajce (Women)"]
[Site "Jajce"]
[Date "1984.??.??"]
[Round "?"]
[White "Markovic, Gordana"]
[Black "Macek, Vlasta"]
[Result "1-0"]
[WhiteElo "2160"]
[BlackElo "2085"]

1.e4 c5 2.Nf3 d6 3.d4 cxd4 4.Nxd4 Nf6 5.Nc3 a6 6.Be3 e5 7.Nb3 Be7 8.f3 Be6
9.Qd2 Nbd7 10.O-O-O Qc7 11.g4 Rc8 12.Kb1 Nb6 13.h4 Nc4 14.Bxc4 Qxc4 15.h5 b5
16.g5 Nd7 17.Na5 Qc7 18.Nd5 Bxd5 19.exd5 Nb8 20.f4 Bd8 21.Nb3 Nd7 22.f5 a5
23.g6 a4 24.Nc1 Nf6 25.gxf7+ Qxf7 26.h6 Rg8 27.a3 Ng4 28.hxg7 Rxg7 29.Bh6 Rg8
30.Qe2 Rc4 31.Na2 Qxf5 32.Nc3 Qd7 33.Bd2 Nf6 34.Rh6 Be7 35.Rf1 Rg6 36.Rxg6 hxg6
37.Bg5 Nxd5 38.Nxd5 Bxg5 39.Nb6 Qg4 40.Qd3 Rd4 41.Qxg6+ Kd8 42.Qg8+ Kc7 43.Nd5+ Kc6
44.Qa8+ Kc5 45.Nc3 Bf4 46.Qb7  1-0

[Event "Kragujevac"]
[Site "Kragujevac"]
[Date "1984.??.??"]
[Round "1"]
[White "Lazic, Dragoljub"]
[Black "Georgiev, Krum"]
[Result "0-1"]
[WhiteElo "2320"]
[BlackElo "2445"]

1.e4 c5 2.Nf3 d6 3.d4 cxd4 4.Nxd4 Nf6 5.Nc3 a6 6.Be3 e6 7.g4 b5 8.g5 Nfd7
9.a3 Bb7 10.Rg1 Nb6 11.Qg4 g6 12.O-O-O N8d7 13.f4 Rc8 14.f5 e5 15.Nb3 Rxc3
16.bxc3 d5 17.exd5 Bxa3+ 18.Kb1 Nxd5 19.Bd2 N7b6 20.Re1 Qc7 21.Bg2 Nc4 22.Bxd5 Nxd2+
23.Ka2 Qxc3 24.Qd4 Qxd4 25.Nxd4 Bxd5+ 26.Kxa3 O-O 27.fxg6 exd4 28.gxh7+ Kxh7
29.Rg4 a5 30.g6+ fxg6 31.Rxd4 Rf3+ 32.Kb2 Nc4+ 33.Kc1 Bf7 34.Re7 a4 35.Rb7 a3
36.Ra7 Kg7 37.Kd1 Nb6 38.Ke2 Nc8 39.Ra8 Rc3 40.Kd2 Nb6 41.Ra6 Rc7 42.Rxb6 Ra7
43.Rf4 a2 44.Rf1 a1=Q 45.Rxa1 Rxa1 46.Rxb5 Rh1 47.Rc5 Rxh2+ 48.Ke3 Rh4 49.Rg5 Kh6
50.Rg2 g5 51.Rf2 Kg6 52.Rd2 Kf5 53.Kf3 Rh3+ 54.Kg2 Rc3 55.Rf2+ Kg6 56.Rd2 Be6
57.Kh2 Bf5  0-1

[Event "White Knights"]
[Site "Leningrad"]
[Date "1984.??.??"]
[Round "?"]
[White "Lukin, Andrei M"]
[Black "Hjartarson, Johann"]
[Result "1/2-1/2"]
[WhiteElo "2470"]
[BlackElo "2415"]

1.e4 c5 2.Nf3 d6 3.d4 cxd4 4.Nxd4 Nf6 5.Nc3 a6 6.Be3 e5 7.Nb3 Be6 8.Be2 Be7
9.O-O O-O 10.Qd2 Nbd7 11.a4 Qc7 12.a5 Rac8 13.Rfc1 Rfe8 14.Ra4 Qc6 15.Bf3 Bc4
16.Rb4 Qc7 17.Nd5 Nxd5 18.exd5 Nf6 19.Re1 e4 20.Bb6 Qd7 21.Bxe4 Bd8 22.f3 Bxb6+
23.axb6 Bxd5 24.Rd4 Qc6 25.Bxd5 Rxe1+ 26.Qxe1 Nxd5 27.Qe4 Nxb6 28.Qxc6 Rxc6
29.Na5 Rc7 30.Rb4 Nc8 31.Rxb7 Rxc2 32.b3 g6 33.Nc4 Kg7 34.Rb8  1/2-1/2